Anciens pays de l’URSS - Statistiques

Statistiques générales
  • Ce quiz a été pris 234 fois
  • Le résultat moyen est 13 sur 15
Statistiques - réponses
Réponse % Correct
3 Biélorussie
99%
5 Ukraine
98%
7 Lituanie
97%
8 Lettonie
96%
9 Estonie
95%
16 Russie
89%
10 Kazakhstan
85%
11 Ouzbékistan
84%
14 Tadjikistan
83%
1 Arménie
81%
4 Géorgie
81%
2 Azerbaïdjan
80%
12 Turkménistan
80%
13 Kirghizistan
79%
15 Moldavie
78%
Aucun quiz correspondant
Distribution des résultats
% des personnes avec chaque résultat
Percentile par nombre de réponses
Votre historique - résultats
Vous n’avez pas pris ce quiz